MARC

LEADER 00000nam1a2200000 4500
001 298459
005 20250211063208.0
035 |a (RuTPU)RU\TPU\book\323602 
090 |a 298459 
100 |a 20150618d1983 km y0rusy5003 ca 
101 0 |a rus 
200 1 |a Полупроводниковые преобразователи для промышленности и транспорта  |e тематический сборник  |f Московский энергетический институт (МЭИ) ; под ред. В.А. Лабунцова 
210 |a Москва  |c Изд-во МЭИ  |d 1983 
215 |a 113 с.  |c ил. 
225 1 |a Труды Московского энергетического института (МЭИ)  |v Вып. 613 
320 |a Библиография в конце статей 
500 1 0 |a Труды Московского энергетического института  |9 88841 
606 1 |a Преобразователи полупроводниковые силовые  |2 stltpush  |3 (RuTPU)RU\TPU\subj\51288  |9 69883 
610 1 |a применение 
610 1 |a промышленность 
610 1 |a транспорт 
610 1 |a системы управления 
610 1 |a тиристоры 
610 1 |a параметры 
610 1 |a резонансные инверторы 
610 1 |a расчет на ЭВМ 
610 1 |a МДП-транзисторы 
610 1 |a преобразователи частоты 
610 1 |a тиристорно-импульсные преобразователи 
675 |a 621.314.632  |v 3 
702 1 |a Лабунцов  |b В.А.  |g Владимир Александрович  |4 340 
712 0 2 |a Московский энергетический институт (МЭИ)  |c (1930-1992)  |3 (RuTPU)RU\TPU\col\20092 
801 0 |a RU  |b RuMRKP  |c 19950704  |g psbo 
801 1 |a RU  |b 63413507  |c 20150618 
801 2 |a RU  |b 63413507  |c 20180608  |g RCR 
942 |c BK